[Event "Wch U18 Girls"]
[Site "Montesilvano"]
[Date "2023.11.24"]
[Round "11"]
[White "Mohd Azman, Farihah Nur Aisyah"]
[Black "Belattar, Ines"]
[Result "1/2-1/2"]
[WhiteElo "1379"]
[BlackElo "1623"]
[PlyCount "80"]
[EventDate "2023.11.13"]
[EventType "swiss"]
[EventRounds "11"]
[EventCountry "ITA"]
[SourceTitle "CBM 217 Extra"]
[Source "ChessBase"]
[SourceDate "2024.01.31"]
[SourceVersion "1"]
[SourceVersionDate "2024.01.31"]
[SourceQuality "1"]

1. d4 Nf6 2. Nf3 d5 3. Bf4 c5 4. c3 Nc6 5. e3 Qb6 6. Qb3 c4 7. Qc2 Bf5 8. Qc1 e6 9. Nbd2 Rc8 10. Be2 Nh5 11. Bg3 Nxg3 12. hxg3 h6 13. Bd1 Bd6 14. Bc2 Bxc2 15. Qxc2 Qd8 16. e4 0-0 17. 0-0 b5 18. Rfe1 b4 19. Nf1 bxc3 20. bxc3 Rb8 21. Rab1 Qa5 22. Ne3 Ne7 23. Nd2 Qa3 24. Rec1 Bc7 25. Kh2 Rb6 26. Rxb6 axb6 27. Nb1 Qa6 28. e5 b5 29. Qb2 Ra8 30. a3 Nc6 31. Nc2 Qa4 32. Nd2 Na5 33. Rb1 Rb8 34. Ne3 Bd8 35. Nc2 Be7 36. Nb4 Ra8 37. Nc2 Nc6 38. Ra1 Qa6 39. Nb1 Qb6 40. Nd2 Ra5 1/2-1/2

[Event "Wch U18 Girls"]
[Site "Montesilvano"]
[Date "2023.11.23"]
[Round "10"]
[White "Graziani, Emma"]
[Black "Mohd Azman, Farihah Nur Aisyah"]
[Result "1/2-1/2"]
[WhiteElo "1783"]
[BlackElo "1379"]
[PlyCount "121"]
[EventDate "2023.11.13"]
[EventType "swiss"]
[EventRounds "11"]
[EventCountry "ITA"]
[SourceTitle "CBM 217 Extra"]
[Source "ChessBase"]
[SourceDate "2024.01.31"]
[SourceVersion "1"]
[SourceVersionDate "2024.01.31"]
[SourceQuality "1"]

1. e4 c6 2. d3 d5 3. Qe2 e6 4. g3 Nd7 5. Bg2 dxe4 6. dxe4 Ngf6 7. Nd2 Be7 8. Ngf3 h6 9. 0-0 0-0 10. b3 b6 11. Bb2 Bb7 12. Rad1 Qc7 13. c4 e5 14. Nh4 Rfe8 15. Nf5 Bf8 16. f4 Rad8 17. fxe5 Nxe5 18. Nxh6+ gxh6 19. Rxf6 Bg7 20. Rf5 Bc8 21. Bxe5 Bxe5 22. Rff1 Bg7 23. Qf3 Re7 24. Rfe1 c5 25. Nf1 Bb7 26. Rxd8+ Qxd8 27. Qg4 Bc8 28. Qf4 Be6 29. Kh1 b5 30. cxb5 Qa5 31. Re2 Qxb5 32. Rd2 Re8 33. g4 c4 34. bxc4 Bxc4 35. Qf2 Qa5 36. Ne3 Be6 37. Nf5 Bxf5 38. gxf5 Rc8 39. Bf3 Rc1+ 40. Kg2 Qc3 41. Re2 a5 42. Kh3 a4 43. Qg3 Rf1 44. Bg2 Qxg3+ 45. hxg3 Rc1 46. e5 Bf8 47. Re4 a3 48. Re2 Rc5 49. g4 Rb5 50. Re3 Be7 51. Bc6 Rc5 52. Ba4 Rc1 53. Bb3 Bc5 54. Rf3 Kg7 55. Kg3 Kf8 56. Kf4 Re1 57. Rh3 Ke7 58. e6 f6 59. Rd3 Bd6+ 60. Kf3 Rg1 61. Ke4 1/2-1/2

[Event "Wch U18 Girls"]
[Site "Montesilvano"]
[Date "2023.11.17"]
[Round "5"]
[White "Mohd Azman, Farihah Nur Aisyah"]
[Black "Hoanca, Alexia Ioana"]
[Result "0-1"]
[WhiteElo "1379"]
[BlackElo "1830"]
[PlyCount "78"]
[EventDate "2023.11.13"]
[EventType "swiss"]
[EventRounds "11"]
[EventCountry "ITA"]
[SourceTitle "CBM 217 Extra"]
[Source "ChessBase"]
[SourceDate "2024.01.31"]
[SourceVersion "1"]
[SourceVersionDate "2024.01.31"]
[SourceQuality "1"]

1. d4 d5 2. Nf3 e6 3. Bf4 Nf6 4. e3 c5 5. c3 Nc6 6. Nbd2 cxd4 7. cxd4 Qb6 8. Rb1 Nh5 9. Bg3 Nxg3 10. hxg3 Bd6 11. a3 h6 12. Bd3 Bd7 13. b4 0-0-0 14. 0-0 f5 15. Nb3 Kb8 16. Nc5 g5 17. Qd2 Bxc5 18. dxc5 Qc7 19. b5 Ne5 20. Nxe5 Qxe5 21. c6 Be8 22. cxb7 Qd6 23. Rfc1 Rh7 24. a4 Rxb7 25. a5 d4 26. e4 fxe4 27. Bxe4 Rxb5 28. Bd3 Rxb1 29. Rxb1+ Ka8 30. Qc2 Bc6 31. Qc4 Qd5 32. Qxd5 Bxd5 33. Re1 Kb8 34. Ba6 Kc7 35. Bf1 Kd6 36. f4 Rf8 37. fxg5 hxg5 38. Bd3 e5 39. Re2 Re8 0-1

[Event "Wch U18 Girls"]
[Site "Montesilvano"]
[Date "2023.11.14"]
[Round "2"]
[White "O'Carroll, Om"]
[Black "Mohd Azman, Farihah Nur Aisyah"]
[Result "1-0"]
[WhiteElo "1737"]
[BlackElo "1379"]
[PlyCount "95"]
[EventDate "2023.11.13"]
[EventType "swiss"]
[EventRounds "11"]
[EventCountry "ITA"]
[SourceTitle "CBM 217 Extra"]
[Source "ChessBase"]
[SourceDate "2024.01.31"]
[SourceVersion "1"]
[SourceVersionDate "2024.01.31"]
[SourceQuality "1"]

1. e4 c6 2. d4 d5 3. exd5 cxd5 4. Bd3 Nf6 5. c3 e6 6. Bf4 a6 7. Nd2 Bd6 8. Bxd6 Qxd6 9. Ngf3 Nbd7 10. 0-0 0-0 11. Qe2 Re8 12. Ne5 b5 13. a3 Nb6 14. Ndf3 Bb7 15. Rae1 Nc4 16. Ng5 Re7 17. f4 Rae8 18. Rf3 h6 19. Nh3 Qb6 20. Nf2 a5 21. g4 Ne4 22. Nxe4 dxe4 23. Bxe4 Bxe4 24. Qxe4 Nd2 25. Qe2 Nxf3+ 26. Qxf3 g6 27. Re2 b4 28. axb4 axb4 29. Nc6 Rb7 30. Nxb4 Ra7 31. f5 Qb7 32. Qxb7 Rxb7 33. d5 gxf5 34. gxf5 e5 35. f6 Rd7 36. Nc6 Kh7 37. c4 Rd6 38. Rf2 e4 39. Ne7 Ra6 40. c5 e3 41. Re2 Rxf6 42. Rxe3 Rb8 43. Re2 Rb4 44. c6 Rg4+ 45. Rg2 Re4 46. Rf2 Rxe7 47. Rxf6 Kg7 48. Rf2 1-0

[Event "World Cup U16 Girls Prel"]
[Site "Tornelo INT"]
[Date "2021.08.06"]
[Round "8"]
[White "Bertorello, Constanza"]
[Black "Mohd Azman, Farihah Nur Aisyah"]
[Result "1-0"]
[WhiteElo "1567"]
[BlackElo "1290"]
[PlyCount "77"]
[EventDate "2021.08.06"]
[EventType "swiss (rapid)"]
[EventRounds "10"]
[EventCountry "NET"]
[SourceTitle "EXT 2025"]
[Source "ChessBase"]
[SourceDate "2024.10.14"]
[SourceVersion "1"]
[SourceVersionDate "2024.10.14"]
[SourceQuality "1"]

1. e4 c6 2. d4 d5 3. exd5 cxd5 4. c4 Nf6 5. Nc3 e6 6. Nf3 a6 7. c5 Be7 8. Bd3 0-0 9. 0-0 Nc6 10. Bf4 h6 11. a3 Nh5 12. Be3 Nf6 13. b4 Qc7 14. Re1 Ng4 15. Qd2 Nxe3 16. Qxe3 Bf6 17. b5 axb5 18. Nxb5 Qd8 19. Nd6 Qc7 20. Ne5 Nxe5 21. dxe5 Be7 22. Reb1 Bxd6 23. cxd6 Qa5 24. Qb6 Qc3 25. Qe3 Qa5 26. Bb5 b6 27. Bc6 Rb8 28. a4 Ba6 29. Bb5 Bxb5 30. Rxb5 Qa7 31. a5 Qd7 32. Rxb6 Rxb6 33. Qxb6 Rc8 34. h3 Kh7 35. a6 f6 36. exf6 gxf6 37. Qb7 Rd8 38. Qxd7+ Rxd7 39. a7 1-0

[Event "World Cup U16 Girls Prel"]
[Site "Tornelo INT"]
[Date "2021.08.06"]
[Round "9"]
[White "Mohd Azman, Farihah Nur Aisyah"]
[Black "Adlen, Noya"]
[Result "1-0"]
[WhiteElo "1290"]
[BlackElo "1444"]
[PlyCount "133"]
[EventDate "2021.08.06"]
[EventType "swiss (rapid)"]
[EventRounds "10"]
[EventCountry "NET"]
[SourceTitle "EXT 2025"]
[Source "ChessBase"]
[SourceDate "2024.10.14"]
[SourceVersion "1"]
[SourceVersionDate "2024.10.14"]
[SourceQuality "1"]

1. d4 d5 2. Bf4 Nf6 3. e3 e6 4. Nf3 Be7 5. Nbd2 0-0 6. h3 Nbd7 7. Be2 b6 8. 0-0 c5 9. c3 Bb7 10. b3 Rc8 11. Rc1 cxd4 12. cxd4 Ba3 13. Rc2 Rxc2 14. Qxc2 Qc8 15. Qb1 Re8 16. b4 Qc3 17. b5 Rc8 18. Bd3 Qb2 19. Qxb2 Bxb2 20. Rb1 Ba3 21. Ne5 Nxe5 22. Bxe5 Rc3 23. Rb3 Rc1+ 24. Kh2 Be7 25. Nb1 Ne4 26. Bxe4 dxe4 27. Rc3 Rxc3 28. Nxc3 Bb4 29. Ne2 a6 30. bxa6 Bxa6 31. Ng3 Bb7 32. Bc7 b5 33. Bb6 f5 34. Bc5 Bxc5 35. dxc5 Kf7 36. Ne2 Ke7 37. Nd4 b4 38. Nc2 Kd7 39. Nxb4 Kc7 40. a3 g5 41. h4 g4 42. Kg3 Bc8 43. Kf4 Kd7 44. Kg5 Ke7 45. Kh6 e5 46. Kxh7 f4 47. exf4 exf4 48. Nd5+ Ke6 49. Nxf4+ Ke5 50. g3 Bf5+ 51. Kg7 Kd4 52. c6 Bc8 53. h5 e3 54. fxe3+ Kxe3 55. h6 Kf3 56. Nh5 Bf5 57. h7 Bxh7 58. Kxh7 Kg2 59. c7 Kh3 60. c8Q Kg2 61. a4 Kh2 62. a5 Kh3 63. a6 Kg2 64. a7 Kh3 65. a8Q Kh2 66. Qc2+ Kh3 67. Qh1# 1-0

[Event "World Cup U16 Girls Prel"]
[Site "Tornelo INT"]
[Date "2021.08.06"]
[Round "6"]
[White "Rochmah, Aulia"]
[Black "Mohd Azman, Farihah Nur Aisyah"]
[Result "0-1"]
[WhiteElo "1572"]
[BlackElo "1290"]
[PlyCount "88"]
[EventDate "2021.08.06"]
[EventType "swiss (rapid)"]
[EventRounds "10"]
[EventCountry "NET"]
[SourceTitle "EXT 2025"]
[Source "ChessBase"]
[SourceDate "2024.10.14"]
[SourceVersion "1"]
[SourceVersionDate "2024.10.14"]
[SourceQuality "1"]

1. d4 c6 2. c4 d5 3. Nc3 Nf6 4. Nf3 Bf5 5. e3 e6 6. Be2 Be7 7. cxd5 cxd5 8. Qa4+ Nbd7 9. Bd2 0-0 10. h3 h6 11. Qb3 b6 12. g4 Bg6 13. Ne5 Nxe5 14. dxe5 Nd7 15. 0-0 Nxe5 16. f4 Nd7 17. f5 Nc5 18. Qd1 exf5 19. gxf5 Bh7 20. Bf3 Bxf5 21. Nxd5 Bxh3 22. Rf2 Rc8 23. Rh2 Be6 24. Bc3 Bxd5 25. Bxd5 Bf6 26. Bb4 a5 27. Be1 Qe7 28. Qf3 Nd3 29. Rg2 Nxe1 30. Rxe1 Rcd8 31. Be4 Bg5 32. Bb1 Rd6 33. e4 Rf6 34. Qd3 Qc5+ 35. Kh1 Qe5 36. Bc2 Rf4 37. Kg1 Qc5+ 38. Kh1 Rh4+ 39. Rh2 Rxh2+ 40. Kxh2 Qf2+ 41. Kh3 Qxe1 42. e5 g6 43. Qd4 Qe3+ 44. Qxe3 Bxe3 0-1